[Event "Zagreb-ch Seniors"]
[Site "Zagreb"]
[Date "2019.09.09"]
[Round "6"]
[White "Hodnikovic, Nenad"]
[Black "Banek, Kresimir"]
[Result "1/2-1/2"]
[WhiteElo "1612"]
[BlackElo "1977"]
[PlyCount "27"]
[EventDate "2019.09.02"]
[EventType "swiss"]
[EventRounds "9"]
[EventCountry "CRO"]
[SourceTitle "EXT 2020"]
[Source "ChessBase"]
[SourceDate "2019.10.17"]
[SourceVersion "1"]
[SourceVersionDate "2019.10.17"]
[SourceQuality "1"]

1. d4 Nf6 2. Bf4 d6 3. c4 c6 4. Nc3 Qc7 5. c5 e5 6. cxd6 Bxd6 7. dxe5 Bxe5 8. Bxe5 Qxe5 9. Nf3 Qc7 10. Qb3 0-0 11. e3 Bg4 12. Be2 Nbd7 13. h3 Bxf3 14. Bxf3 1/2-1/2

[Event "Topusko op 5th"]
[Site "Topusko"]
[Date "2016.08.13"]
[Round "9"]
[White "Hodnikovic, Nenad"]
[Black "Kolsek, Meta"]
[Result "1-0"]
[WhiteElo "1657"]
[BlackElo "1168"]
[PlyCount "47"]
[EventDate "2016.08.06"]
[EventType "swiss"]
[EventRounds "9"]
[EventCountry "CRO"]
[SourceTitle "CBM 173 Extra"]
[Source "ChessBase"]
[SourceDate "2016.08.29"]
[SourceVersion "1"]
[SourceVersionDate "2016.08.29"]
[SourceQuality "1"]

1. e4 e6 2. d4 d5 3. Nd2 c5 4. c3 Nc6 5. Bb5 Bd7 6. Bxc6 Bxc6 7. e5 Qb6 8. Ne2 Bb5 9. Nf3 cxd4 10. Nfxd4 Bxe2 11. Qxe2 Bc5 12. Be3 Ne7 13. Qg4 Ng6 14. 0-0 Qxb2 15. Rab1 Qxa2 16. Rxb7 0-0 17. h4 Rab8 18. Rxb8 Rxb8 19. h5 Nxe5 20. Qg3 f6 21. Nxe6 Bf8 22. Bc5 Qc4 23. Bxf8 Rxf8 24. Qxg7# 1-0